Cơ học 1 = Mécanique 1

Nội dung trình bài các vấn đề lý thuyết về động học, động lực học chất điểm, công suất và năng lượng trong hệ quy chiếu Galilée, dao động, mặt phẳng pha và sự thay đổi các hệ quy chiếu....

Full description

Saved in:
Bibliographic Details
Format: Book
Language:Undetermined
Published: Hà Nội Giáo Dục 2007
Subjects:
Tags: Add Tag
No Tags, Be the first to tag this record!
Institutions: Trung tâm Học liệu Trường Đại học Cần Thơ
LEADER 00848nam a2200205Ia 4500
001 CTU_194166
008 210402s9999 xx 000 0 und d
020 |c 22500 
082 |a 531 
082 |b C460/T.1 
245 0 |a Cơ học 1 = 
245 0 |b Mécanique 1 
245 0 |c Jean-Marie Brébec ...[et al.] ; Lê Băng Sương dịch 
260 |a Hà Nội 
260 |b Giáo Dục 
260 |c 2007 
520 |a Nội dung trình bài các vấn đề lý thuyết về động học, động lực học chất điểm, công suất và năng lượng trong hệ quy chiếu Galilée, dao động, mặt phẳng pha và sự thay đổi các hệ quy chiếu. 
650 |a Mechanics,Cơ học 
910 |a Hải 
980 |a Trung tâm Học liệu Trường Đại học Cần Thơ